000 01085cab a2200241 4500
001 ##ABS52930
008 090401t1995 xxu||||| |||| 00| 0 eng d
035 _a(Sirsi) u940
041 0 _aeng
100 1 _aMax, R.
245 0 0 _aPlanning policy faces tough test
260 _c1995
350 _a0
490 0 _aEstates Times
_v(1282) 2 June 1995, 8(1)
520 _aConsiders the implications of the HL decision in "Tesco Stores Ltd v SoS Environment" which suggests that where there is competition to obtain planning permission and where various benefits are offered, the local planning authority can either apply the SoS' policy and test each proposal against it or decide which of the proposals offers the greatest public benefit and determine accordingly.
650 2 4 _aDOE CIRCULAR 16/1991
650 2 4 _aTESCO STORES LTD V SOS ENVIRONMENT & ANOR
650 2 4 _aTOWN AND COUNTRY PLANNING ACT 1990 S106
651 4 _aEngland and Wales
_y1543-
690 _aENVIRONMENTAL AND LAND CONSULTANCY-PLANNING AND DEVELOPMENT-PLANNING GUIDANCE
942 _n0
948 _c04/03/1997
999 _c526
_d526